Trendy v znalostnom manažmente

Charakteristika súčasných trendov v znalostnom manažmente. Sledovanie a aplikovanie nových trendov do praxe pri riadení znalostí. Vytváranie efektívneho pracovného prostredia, ktoré ovplyvňuje vývoj trendov. Externé faktory a konkurencieschopnosť organizácie.

Salvato in:
Dettagli Bibliografici
Autore principale: Galovská, Marcela
Natura: Capitolo di libro
Lingua:slovacco
Soggetti:
Tags: Aggiungi Tag
Nessun Tag, puoi essere il primo ad aggiungerne!!

MARC

LEADER 00000naa$a2200000$$$4500
001 0209423
005 20240502083523.3
041 0 |a slo 
044 |a CZ 
245 1 0 |a Trendy v znalostnom manažmente  |c Marcela Galovská 
520 |a Charakteristika súčasných trendov v znalostnom manažmente. Sledovanie a aplikovanie nových trendov do praxe pri riadení znalostí. Vytváranie efektívneho pracovného prostredia, ktoré ovplyvňuje vývoj trendov. Externé faktory a konkurencieschopnosť organizácie. 
610 2 0 |a manažment znalostný 
610 2 0 |a riadenie znalostí 
610 2 0 |a riadenie zmien 
610 2 0 |a vedenie 
610 2 0 |a učiaca sa organizácia 
610 2 0 |a kultúra podniková 
610 2 0 |a konkurencieschopnosť 
100 1 |a Galovská, Marcela